[Event "FRA T U 20"]
[Site "Sautron"]
[Date "2009.11.29"]
[Round "2.4"]
[White "Le Bastard, Ronan"]
[Black "Lam Roques, Kalvin"]
[Result "0-1"]
[WhiteElo "1614"]
[BlackElo "1696"]
[PlyCount "78"]
[EventDate "2009.??.??"]
[EventType "team-match"]
[EventCountry "FRA"]

1. e4 c5 2. Nf3 d6 3. d4 cxd4 4. Nxd4 Nf6 5. Nc3 g6 6. Be3 Bg7 7. Bc4 Nc6 8.
Bb5 Bd7 9. O-O O-O 10. Qd2 a6 11. Be2 b5 12. Rad1 b4 13. Nxc6 bxc3 14. Nxd8
cxd2 15. Nb7 Rfb8 16. Bf3 Bc6 17. Na5 Bxe4 18. Bxe4 Nxe4 19. f3 Nc5 20. b3 Rc8
21. Rxd2 Bc3 22. Nc4 Bxd2 23. Bxd2 Ra7 24. Re1 Ne6 25. Be3 Rb7 26. Rd1 Rd8 27.
Na5 Rbd7 28. Nc6 Rc8 29. Ne5 Rdd8 30. Nc4 d5 31. Na3 Ng7 32. g4 f6 33. Bb6 Rd6
34. Ba5 Kf7 35. Bb4 Rd7 36. Nc4 Rb7 37. Bxe7 Kxe7 38. Rxd5 Rb5 39. Rd6 Rxc4 0-1

[Event "FRA T U 20"]
[Site "Sautron"]
[Date "2009.11.29"]
[Round "2.5"]
[White "Triboulin, Amaury"]
[Black "Ginovart, Axel"]
[Result "0-1"]
[WhiteElo "1599"]
[BlackElo "1798"]
[PlyCount "74"]
[EventDate "2009.??.??"]
[EventType "team-match"]
[EventCountry "FRA"]

1. e4 c5 2. Nf3 Nc6 3. Bc4 e6 4. Nc3 a6 5. d3 b5 6. Bb3 Na5 7. a3 Nxb3 8. cxb3
h6 9. Bf4 d6 10. Nd2 Nf6 11. O-O Be7 12. b4 cxb4 13. axb4 Bb7 14. f3 O-O 15.
Rc1 Rc8 16. Nb3 d5 17. e5 Nd7 18. d4 Bxb4 19. Be3 Nb6 20. Qe2 Nc4 21. f4 Rc7
22. Rc2 Nxb2 23. Rxb2 Bxc3 24. Rc2 Rc4 25. Nc5 Bc8 26. Rb1 Bxd4 27. Bxd4 Rxd4
28. Qe3 Rc4 29. Rxc4 dxc4 30. Qa3 Qc7 31. Kh1 Qb6 32. Ne4 Bb7 33. Nd6 f6 34.
exf6 Rxf6 35. Nxc4 Bxg2+ 36. Kxg2 Qc6+ 37. Kg3 Qxc4 0-1

[Event "FRA T U 20"]
[Site "Sautron"]
[Date "2009.11.29"]
[Round "3.1"]
[White "Barbot, Pierre"]
[Black "Lemeille, Francois"]
[Result "1-0"]
[WhiteElo "2072"]
[BlackElo "1955"]
[PlyCount "61"]
[EventDate "2009.??.??"]
[EventType "team-match"]
[EventCountry "FRA"]

1. e4 c5 2. Nf3 d6 3. d4 cxd4 4. Nxd4 Nf6 5. Nc3 a6 6. Be3 e6 7. g4 b5 8. g5
Nfd7 9. Bg2 Bb7 10. f4 b4 11. Nce2 Nc5 12. Ng3 Nc6 13. O-O Be7 14. Qg4 Qd7 15.
Rad1 g6 16. Rf2 e5 17. Qxd7+ Nxd7 18. Nxc6 Bxc6 19. f5 f6 20. fxg6 fxg5 21. g7
Rg8 22. Nf5 h6 23. h4 Nc5 24. hxg5 hxg5 25. Nxe7 Kxe7 26. Bxg5+ Kd7 27. Rf7+
Kc8 28. Rxd6 Bd7 29. Be3 Be6 30. Rf8+ Kc7 31. Bxc5 1-0

[Event "FRA T U 20"]
[Site "Sautron"]
[Date "2009.11.29"]
[Round "3.2"]
[White "Aflalo, Sophie"]
[Black "Hallope, Arnaud"]
[Result "0-1"]
[WhiteElo "1853"]
[BlackElo "2036"]
[PlyCount "118"]
[EventDate "2009.??.??"]
[EventType "team-match"]
[EventCountry "FRA"]

1. e4 c6 2. d4 d5 3. exd5 cxd5 4. c4 Nf6 5. Nc3 Nc6 6. Nf3 Bg4 7. Be3 e6 8. a3
dxc4 9. Bxc4 Be7 10. O-O O-O 11. Ba2 Rc8 12. Rc1 Qa5 13. h3 Bh5 14. Nb1 Rfd8
15. Nbd2 b5 16. Qb3 Bg6 17. Ng5 Nd5 18. Nge4 Qb6 19. Bb1 f5 20. Nc3 Nxd4 21.
Bxd4 Qxd4 22. Nf3 Qc4 23. Nxd5 Qxd5 24. Qe3 Bc5 25. Qg5 Bb6 26. Rce1 Re8 27.
Rd1 Qb7 28. Ba2 Bf7 29. Ne5 Bd8 30. Qe3 Re7 31. Rd6 Bb6 32. Qg5 Rce8 33. Rfd1
Qe4 34. Nd7 Kh8 35. Nxb6 axb6 36. Rd8 Qb7 37. R8d4 h6 38. Rh4 Bg8 39. Rd3 Bh7
40. Qd2 e5 41. Rd6 f4 42. Kh2 Be4 43. f3 Bh7 44. Qf2 Rf8 45. Rxb6 Qa7 46. Qc5
e4 47. fxe4 Bxe4 48. Qd4 Kh7 49. Rh5 Rf6 50. Rhxb5 f3 51. gxf3 Rxf3 52. Qd6 Rd7
53. Bg8+ Kh8 54. Bd5 Bxd5 55. Rb8+ Kh7 56. Qc5 Qxc5 57. Rxc5 Be4 58. Rc1 Rd2+
59. Kg1 Rxh3 0-1

[Event "FRA T U 20"]
[Site "Sautron"]
[Date "2009.11.29"]
[Round "3.3"]
[White "Bapst, Valentin"]
[Black "Zychowski, Antoine"]
[Result "1-0"]
[WhiteElo "1778"]
[BlackElo "1560"]
[PlyCount "81"]
[EventDate "2009.??.??"]
[EventType "team-match"]
[EventCountry "FRA"]

1. e4 e5 2. Nf3 Nc6 3. Bb5 a6 4. Ba4 Nf6 5. O-O Be7 6. Re1 d6 7. c3 b5 8. Bb3
O-O 9. h3 Bb7 10. d4 exd4 11. cxd4 Na5 12. Bc2 c5 13. Nbd2 Re8 14. Nf1 Bf8 15.
Ng3 Nc4 16. d5 g6 17. b3 Nb6 18. Nh2 Bg7 19. Rb1 Nfd7 20. f4 c4 21. Be3 Rc8 22.
Bd4 f6 23. Nf3 Qc7 24. b4 Rb8 25. h4 Nc8 26. h5 a5 27. hxg6 hxg6 28. Nh4 Nf8
29. Qg4 Ne7 30. f5 Bc8 31. Qf3 g5 32. Qg4 Bd7 33. Nf3 Rec8 34. Nh5 Nh7 35. Nxg5
Nxg5 36. Nxf6+ Bxf6 37. Bxf6 Kf7 38. Bxe7 Kxe7 39. Qxg5+ Kf7 40. Qg6+ Ke7 41.
f6+ 1-0

[Event "FRA T U 20"]
[Site "Sautron"]
[Date "2009.11.29"]
[Round "3.4"]
[White "Lam Roques, Kalvin"]
[Black "Le Pen, Steven"]
[Result "1-0"]
[WhiteElo "1696"]
[BlackElo "1764"]
[PlyCount "70"]
[EventDate "2009.??.??"]
[EventType "team-match"]
[EventCountry "FRA"]

1. e4 c5 2. Nc3 Nc6 3. f4 d6 4. Nf3 e6 5. Bb5 Bd7 6. Bxc6 Bxc6 7. O-O Nf6 8.
Re1 Be7 9. d4 cxd4 10. Qxd4 O-O 11. h3 d5 12. e5 Nd7 13. Be3 b5 14. a3 a5 15.
g4 f5 16. Qd2 b4 17. axb4 axb4 18. Ne2 Nb6 19. Nfd4 Bd7 20. Rxa8 Nxa8 21. gxf5
exf5 22. e6 Be8 23. Ng3 g6 24. Nf3 Qd6 25. Bd4 Nc7 26. Qe3 Nb5 27. Bb6 Bc6 28.
Qe5 Qxe5 29. Nxe5 Bb7 30. Ne2 Rf6 31. Nd3 Rxe6 32. Ba5 b3 33. Nc3 Nxc3 34. Bxc3
Bc5+ 35. Kf1 bxc2 1-0

[Event "FRA T U 20"]
[Site "Sautron"]
[Date "2009.11.29"]
[Round "3.1"]
[White "Peyre, Thomas"]
[Black "Ozenne, Corentin"]
[Result "1/2-1/2"]
[WhiteElo "2015"]
[BlackElo "2056"]
[PlyCount "85"]
[EventDate "2009.??.??"]
[EventType "team-match"]
[EventCountry "FRA"]

1. e4 c5 2. Nc3 Nc6 3. Nge2 d6 4. d4 cxd4 5. Nxd4 Nf6 6. Be2 e6 7. O-O Be7 8.
Be3 O-O 9. Nb3 a6 10. a4 b6 11. f4 Bb7 12. Bf3 Qc7 13. Qd2 Na5 14. Nxa5 bxa5
15. Qf2 Nd7 16. Rad1 Bc6 17. b3 Rac8 18. Ne2 Rfe8 19. Rd2 Rb8 20. Rfd1 Red8 21.
Ng3 g6 22. Rf1 Bh4 23. Qe2 Bb7 24. Kh1 Nc5 25. Bxc5 Qxc5 26. Rfd1 Be7 27. f5
Bg5 28. Rd4 Rbc8 29. c4 Rb8 30. Bg4 Qe5 31. R4d3 Bf4 32. fxe6 fxe6 33. c5 h5
34. Bxh5 gxh5 35. Nxh5 Bxe4 36. Qxe4 Qxe4 37. Nf6+ Kg7 38. Nxe4 d5 39. Ng3 Kg6
40. Ne2 Bh6 41. Nd4 Re8 42. Re1 Rbc8 43. Nf3 1/2-1/2

[Event "FRA T U 20"]
[Site "Sautron"]
[Date "2009.11.29"]
[Round "3.2"]
[White "Chameret, Jean"]
[Black "Deslias, Gregoire"]
[Result "1-0"]
[WhiteElo "1599"]
[BlackElo "1865"]
[PlyCount "89"]
[EventDate "2009.??.??"]
[EventType "team-match"]
[EventCountry "FRA"]

1. d4 Nf6 2. Nf3 e6 3. Bg5 Be7 4. c4 d5 5. Nc3 Nbd7 6. cxd5 exd5 7. e3 c6 8.
Bd3 O-O 9. Qc2 Re8 10. O-O Nf8 11. Rab1 Ng6 12. b4 a6 13. a4 Bd6 14. b5 axb5
15. axb5 h6 16. Bxf6 Qxf6 17. bxc6 bxc6 18. Na4 Bg4 19. Nd2 Nh4 20. g3 Nf3+ 21.
Nxf3 Qxf3 22. Rfd1 Bh3 23. Bf1 Bf5 24. Bd3 Bxd3 25. Rxd3 Qe4 26. Nc3 Qe6 27.
Ne2 Rec8 28. Rdb3 c5 29. dxc5 Bxc5 30. Rc3 Ba7 31. Rd1 Rxc3 32. Qxc3 Qe4 33.
Nf4 d4 34. exd4 Rd8 35. d5 Bb8 36. Qe3 Qa4 37. Rd4 Qa1+ 38. Kg2 Ba7 39. Qe7 Rb8
40. Re4 Qb2 41. Qxa7 Rb7 42. Qe3 Rb3 43. Re8+ Kh7 44. Qe4+ g6 45. Nxg6 1-0

[Event "FRA T U 20"]
[Site "Sautron"]
[Date "2009.11.29"]
[Round "3.3"]
[White "Purenne, Benoit"]
[Black "Navrotescu, Andreea Cristiana"]
[Result "0-1"]
[WhiteElo "1911"]
[BlackElo "1908"]
[PlyCount "66"]
[EventDate "2009.??.??"]
[EventType "team-match"]
[EventCountry "FRA"]

1. e4 c5 2. Nf3 e6 3. d4 cxd4 4. Nxd4 Nc6 5. Nc3 Qc7 6. Be3 Nf6 7. Bd3 a6 8.
O-O Bb4 9. Nxc6 bxc6 10. a3 Be7 11. Ne2 d5 12. exd5 cxd5 13. c4 O-O 14. Rc1 Qd7
15. c5 e5 16. Ng3 Bb7 17. b4 Bc6 18. Qe2 Qb7 19. f3 Rfe8 20. Qc2 h6 21. Nf5 Bf8
22. Rb1 Qd7 23. Ng3 Rad8 24. Bxa6 d4 25. Bd2 e4 26. b5 Bd5 27. c6 Qc7 28. Rfc1
Qb6 29. Qd1 d3+ 30. Kh1 exf3 31. gxf3 Qf2 32. Ne4 Nxe4 33. Qf1 Ng3+ 0-1

[Event "FRA T U 20"]
[Site "Sautron"]
[Date "2009.11.29"]
[Round "3.4"]
[White "Niepceron, Luc"]
[Black "Le Bastard, Ronan"]
[Result "1/2-1/2"]
[WhiteElo "1702"]
[BlackElo "1614"]
[PlyCount "99"]
[EventDate "2009.??.??"]
[EventType "team-match"]
[EventCountry "FRA"]

1. e4 c5 2. Nf3 Nc6 3. d4 cxd4 4. Nxd4 Nf6 5. Nc3 e5 6. Ndb5 d6 7. Bg5 a6 8.
Na3 b5 9. Nd5 Be6 10. c4 b4 11. Nc2 Be7 12. Bxf6 gxf6 13. Ndxb4 Nxb4 14. Nxb4
Qa5 15. a3 f5 16. exf5 Bxf5 17. Qf3 e4 18. Qc3 O-O 19. Nd5 Qxc3+ 20. Nxc3 a5
21. Nd5 Bg5 22. h4 Bd8 23. Be2 Rb8 24. Ne3 Be6 25. Rb1 Bf6 26. b4 axb4 27. axb4
Bc3+ 28. Kd1 Rxb4 29. Rxb4 Bxb4 30. Kc2 Bc5 31. Rf1 f5 32. Nd5 Bxd5 33. cxd5
Kf7 34. f3 exf3 35. Bxf3 Kg6 36. Be2 Re8 37. Bd3 Re5 38. Rxf5 Rxf5 39. g4 Bf2
40. Bxf5+ Kf6 41. h5 h6 42. Kd3 Bg3 43. Ke3 Be5 44. Ke4 Kg5 45. Kf3 Kf6 46. Ke4
Kg5 47. Be6 Kf6 48. Kf3 Kg5 49. Ke4 Kf6 50. Kf3 1/2-1/2

[Event "FRA T U 20"]
[Site "Sautron"]
[Date "2009.11.29"]
[Round "3.5"]
[White "Ginovart, Axel"]
[Black "Auvray, Honorine"]
[Result "0-1"]
[WhiteElo "1798"]
[BlackElo "1663"]
[PlyCount "86"]
[EventDate "2009.??.??"]
[EventType "team-match"]
[EventCountry "FRA"]

1. e4 c5 2. Nf3 Nc6 3. d4 cxd4 4. Nxd4 Nf6 5. Nc3 d6 6. f3 e6 7. Be3 Be7 8. Qd2
O-O 9. O-O-O a6 10. g4 Nxd4 11. Bxd4 b5 12. Bd3 Qa5 13. Kb1 b4 14. Ne2 Bb7 15.
h4 Qc7 16. h5 a5 17. Rdg1 a4 18. g5 Nd7 19. g6 e5 20. gxh7+ Kxh7 21. h6 g6 22.
Be3 Ba6 23. f4 Bxd3 24. Qxd3 exf4 25. Nxf4 Ne5 26. Qd1 Qb7 27. Qd5 Rab8 28. Bd4
Nf3 29. Rg3 Qxd5 30. Nxd5 Nd2+ 31. Kc1 Nxe4 32. Re3 Bg5 33. Kb1 Bxe3 34. Bxe3
Rb5 35. Rd1 g5 36. Rd4 f5 37. Nc7 Re5 38. Rxb4 Kxh6 39. Rxa4 Nc5 40. Ra3 f4 41.
Bd2 f3 42. b4 f2 43. Rh3+ Kg6 0-1

[Event "Malakoff op 10th"]
[Site "Malakoff"]
[Date "2010.04.18"]
[Round "3"]
[White "Boric, Elena"]
[Black "Guliyev, Namig"]
[Result "0-1"]
[WhiteElo "2263"]
[BlackElo "2516"]
[PlyCount "62"]
[EventDate "2010.04.18"]
[EventType "swiss"]
[EventCountry "FRA"]

1. e4 c5 2. Nf3 d6 3. d4 cxd4 4. Qxd4 Bd7 5. c4 Nc6 6. Qd2 Nf6 7. Nc3 g6 8. b3
Bg7 9. Bb2 O-O 10. Be2 Qa5 11. Rb1 Rfc8 12. O-O Bg4 13. Rfd1 Nd7 14. h3 Bxf3
15. Bxf3 Nc5 16. g3 Rab8 17. Bg2 a6 18. Ba1 Qd8 19. b4 Ne6 20. f4 b5 21. cxb5
axb5 22. Nd5 Ned4 23. Kh2 e6 24. Ne3 Ra8 25. e5 dxe5 26. fxe5 Bxe5 27. Bxd4
Nxd4 28. Bxa8 Rxa8 29. Qf2 h5 30. h4 Qxh4+ 31. Kg2 Bxg3 0-1

[Event "Malakoff op 10th"]
[Site "Malakoff"]
[Date "2010.04.18"]
[Round "2"]
[White "Clementz, Joel"]
[Black "Calistri, Tristan"]
[Result "0-1"]
[WhiteElo "2075"]
[BlackElo "2400"]
[PlyCount "84"]
[EventDate "2010.04.18"]
[EventType "swiss"]
[EventCountry "FRA"]

1. e4 c5 2. Nf3 b6 3. g3 Bb7 4. d3 e6 5. Bg2 Nc6 6. O-O Nge7 7. Nc3 d5 8. exd5
Nxd5 9. Nxd5 Qxd5 10. Ng5 Qd7 11. Nf3 Be7 12. Bg5 Rd8 13. Bxe7 Qxe7 14. Qe2 Qf6
15. c3 O-O 16. Rad1 Rd7 17. Rd2 Rfd8 18. Rfd1 h6 19. h4 Rd6 20. Qe3 Ne7 21. Qe5
Qg6 22. h5 Qh7 23. d4 c4 24. Qe2 b5 25. a4 a6 26. axb5 axb5 27. Ra1 Ra8 28.
Rxa8+ Bxa8 29. Qe5 Qb1+ 30. Kh2 Nf5 31. Qxb5 Bd5 32. Qe8+ Kh7 33. Ne5 Bxg2 34.
Kxg2 Qe4+ 35. Kh2 Nh4 36. gxh4 Qxh4+ 37. Kg2 Qg5+ 38. Kf1 Qxd2 39. Nxf7 Qd1+
40. Kg2 Qg4+ 41. Kf1 Qd1+ 42. Kg2 Qg4+ 0-1

[Event "Malakoff op 10th"]
[Site "Malakoff"]
[Date "2010.04.18"]
[Round "3"]
[White "Cornette, Matthieu"]
[Black "Panbukchian, Valentin"]
[Result "1-0"]
[WhiteElo "2552"]
[BlackElo "2375"]
[PlyCount "31"]
[EventDate "2010.04.18"]
[EventType "swiss"]
[EventCountry "FRA"]

1. d4 f5 2. g4 fxg4 3. h3 d5 4. Nc3 Nf6 5. Bf4 Bf5 6. hxg4 Bxg4 7. Qd3 Nc6 8.
O-O-O e6 9. f3 Bh5 10. Bh3 Bd6 11. Bg5 Qe7 12. e4 dxe4 13. Qb5 O-O 14. Bxf6
Qxf6 15. Qxh5 g6 16. Bxe6+ 1-0

[Event "Malakoff op 10th"]
[Site "Malakoff"]
[Date "2010.04.17"]
[Round "1"]
[White "David, Alberto"]
[Black "Gouanelle, Franck"]
[Result "1-0"]
[WhiteElo "2616"]
[BlackElo "2193"]
[PlyCount "47"]
[EventDate "2010.04.18"]
[EventType "swiss"]
[EventCountry "FRA"]

1. e4 c5 2. Nf3 d6 3. Bc4 a6 4. c3 e6 5. Bb3 Nf6 6. Qe2 Be7 7. d4 cxd4 8. cxd4
e5 9. O-O Bg4 10. dxe5 Bxf3 11. Qxf3 dxe5 12. Qg3 O-O 13. Bh6 Ne8 14. Nc3 Qd6
15. Nd5 Bd8 16. Be3 Nc6 17. Rac1 Nd4 18. Bxd4 exd4 19. e5 Qh6 20. Qg4 Bb6 21.
Qd7 Rd8 22. Qxb7 Rxd5 23. Bxd5 Bd8 24. Rc8 1-0

[Event "Malakoff op 10th"]
[Site "Malakoff"]
[Date "2010.04.18"]
[Round "3"]
[White "David, Alberto"]
[Black "Kozhuharov, Spas"]
[Result "1-0"]
[WhiteElo "2616"]
[BlackElo "2412"]
[PlyCount "57"]
[EventDate "2010.04.18"]
[EventType "swiss"]
[EventCountry "FRA"]

1. d4 d5 2. Nf3 Nf6 3. c4 dxc4 4. e3 e6 5. Bxc4 c5 6. O-O Nc6 7. Qe2 cxd4 8.
Rd1 Be7 9. exd4 O-O 10. a3 b6 11. Nc3 Bb7 12. d5 exd5 13. Nxd5 Nxd5 14. Bxd5
Qc7 15. Qe4 Bf6 16. Bf4 Qe7 17. Qa4 Rfc8 18. Rd2 Na5 19. Re1 Qf8 20. Bd6 Bxd5
21. Bxf8 Bb3 22. Qf4 Rxf8 23. g4 Rac8 24. g5 Bd8 25. Nd4 Rc5 26. h4 Bc7 27. Qg4
Be5 28. Nxb3 Nxb3 29. Rde2 1-0

[Event "Malakoff op 10th"]
[Site "Malakoff"]
[Date "2010.04.18"]
[Round "2"]
[White "Debray, Christopher"]
[Black "Malaniuk, Vladimir P"]
[Result "0-1"]
[WhiteElo "2357"]
[BlackElo "2582"]
[PlyCount "48"]
[EventDate "2010.04.18"]
[EventType "swiss"]
[EventCountry "FRA"]

1. d4 f5 2. g3 Nf6 3. Bg2 g6 4. Nh3 Nc6 5. Nf4 e5 6. dxe5 Nxe5 7. h4 c6 8. c4
Nxc4 9. Qd4 d5 10. b3 Nd6 11. Bb2 Bg7 12. Nc3 O-O 13. Ncxd5 Nh5 14. Qd2 Bxb2
15. Qxb2 cxd5 16. Bxd5+ Nf7 17. Nxh5 gxh5 18. O-O-O Qb6 19. g4 fxg4 20. Rhg1
Be6 21. f3 Bxd5 22. fxg4 Qc5+ 23. Kb1 Be4+ 24. Ka1 Bg6 0-1

[Event "Malakoff op 10th"]
[Site "Malakoff"]
[Date "2010.04.18"]
[Round "2"]
[White "Fayard, Alain"]
[Black "Das, Arghyadip"]
[Result "1/2-1/2"]
[WhiteElo "2222"]
[BlackElo "2419"]
[PlyCount "56"]
[EventDate "2010.04.18"]
[EventType "swiss"]
[EventCountry "FRA"]

1. d4 d5 2. Nf3 c6 3. c4 e6 4. Qc2 dxc4 5. Qxc4 Nf6 6. g3 b5 7. Qb3 Bb7 8. Bg2
Nbd7 9. O-O a6 10. a4 c5 11. axb5 Bd5 12. Qc2 Be4 13. Qb3 Bd5 14. Qc2 axb5 15.
Rxa8 Qxa8 16. Nc3 Bc6 17. Nh4 Bxg2 18. Nxg2 b4 19. Nb5 Qc6 20. Qa4 Be7 21. dxc5
O-O 22. Nc3 Qxc5 23. Be3 Qe5 24. Nd1 Rd8 25. Ne1 Ng4 26. Nf3 Qh5 27. Kg2 Qd5
28. Bd4 Nde5 1/2-1/2

[Event "Malakoff op 10th"]
[Site "Malakoff"]
[Date "2010.04.17"]
[Round "1"]
[White "Giffard, Nicolas"]
[Black "Clementz, Joel"]
[Result "0-1"]
[WhiteElo "2361"]
[BlackElo "2075"]
[PlyCount "50"]
[EventDate "2010.04.18"]
[EventType "swiss"]
[EventCountry "FRA"]

1. Nf3 Nf6 2. c4 e6 3. d4 c5 4. d5 exd5 5. cxd5 d6 6. e4 g6 7. h3 Bg7 8. Bd3
O-O 9. O-O Re8 10. Re1 Nbd7 11. Nc3 a6 12. a4 Ne5 13. Nxe5 Rxe5 14. a5 Re8 15.
Bf4 Qc7 16. Qd2 Nd7 17. Na4 b5 18. axb6 Nxb6 19. Qa5 Nxd5 20. Qxc7 Nxc7 21.
Bxd6 Ne6 22. Nb6 Ra7 23. Nxc8 Rxc8 24. Rxa6 Rxa6 25. Bxa6 Rc6 0-1

[Event "Malakoff op 10th"]
[Site "Malakoff"]
[Date "2010.04.17"]
[Round "1"]
[White "Giroux, Fabrice"]
[Black "Guliyev, Namig"]
[Result "1/2-1/2"]
[WhiteElo "2160"]
[BlackElo "2516"]
[PlyCount "76"]
[EventDate "2010.04.18"]
[EventType "swiss"]
[EventCountry "FRA"]

1. e4 c5 2. c3 d5 3. exd5 Qxd5 4. d4 Nf6 5. Nf3 Bg4 6. dxc5 Qxc5 7. h3 Bh5 8.
Be3 Qc8 9. Qa4+ Nbd7 10. g4 Bg6 11. Ne5 Be4 12. Nxd7 Qxd7 13. Bb5 Bc6 14. Bxc6
Qxc6 15. Qxc6+ bxc6 16. Nd2 e6 17. c4 Be7 18. O-O-O O-O 19. g5 Nd7 20. Ne4 Ne5
21. b3 a5 22. Bc5 Bxc5 23. Nxc5 Rfd8 24. Rxd8+ Rxd8 25. Rd1 Ra8 26. f4 Ng6 27.
Rd4 h6 28. gxh6 gxh6 29. a4 Kg7 30. Kd2 e5 31. fxe5 Nxe5 32. Kc3 Kg6 33. b4
axb4+ 34. Kxb4 Rb8+ 35. Kc3 Ra8 36. Kb4 Rb8+ 37. Kc3 Ra8 38. Kb4 Rb8+ 1/2-1/2

[Event "Malakoff op 10th"]
[Site "Malakoff"]
[Date "2010.04.17"]
[Round "1"]
[White "Nguyen, Vincent"]
[Black "Mekhitarian, Krikor Sevag"]
[Result "1-0"]
[WhiteElo "2156"]
[BlackElo "2490"]
[PlyCount "65"]
[EventDate "2010.04.18"]
[EventType "swiss"]
[EventCountry "FRA"]

1. e4 c5 2. Nc3 Nc6 3. f4 d6 4. Nf3 Nf6 5. Bb5 Bd7 6. O-O e6 7. d3 a6 8. Bxc6
Bxc6 9. Ne2 b5 10. Ng3 Be7 11. f5 O-O 12. Ng5 e5 13. Nh5 c4 14. Nxf6+ Bxf6 15.
Qh5 h6 16. Nh3 d5 17. Rf3 Re8 18. Bxh6 Kf8 19. Ng5 Bxg5 20. Bxg5 f6 21. Bd2 a5
22. Rg3 Kg8 23. Rh3 Ra7 24. g4 dxe4 25. g5 fxg5 26. Bxg5 Qd6 27. Rf1 Rf8 28. f6
Rxf6 29. Bxf6 Qd4+ 30. Rf2 e3 31. Qh8+ Kf7 32. Rxe3 gxf6 33. Qxf6+ 1-0

[Event "Malakoff op 10th"]
[Site "Malakoff"]
[Date "2010.04.17"]
[Round "1"]
[White "Shirazi, Kamran "]
[Black "Matrand, Arnaud"]
[Result "1/2-1/2"]
[WhiteElo "2457"]
[BlackElo "2115"]
[PlyCount "123"]
[EventDate "2010.04.18"]
[EventType "swiss"]
[EventCountry "FRA"]

1. e4 c5 2. Nf3 e6 3. b3 Nf6 4. e5 Nd5 5. c4 Nc7 6. d4 cxd4 7. Nxd4 d5 8. exd6
Bxd6 9. Bb2 e5 10. Nc2 O-O 11. Nc3 Nc6 12. Be2 Ne6 13. O-O Ncd4 14. Nxd4 Nxd4
15. Ne4 Be7 16. f4 Bf5 17. fxe5 Nxe2+ 18. Qxe2 Qb6+ 19. Kh1 Qg6 20. Rf4 Rad8
21. Raf1 Bd7 22. h3 Bc6 23. R1f3 Qe6 24. Rg3 Rfe8 25. Kh2 g6 26. Bc3 b6 27. Qh5
Bxe4 28. Rxe4 f5 29. exf6 Qxe4 30. fxe7 Rxe7 31. Bf6 Rd2 32. Bxe7 Qxe7 33. a4
Qd6 34. Qf3 Rd1 35. h4 Qd4 36. Qd5+ Qxd5 37. cxd5 Rxd5 38. Rc3 Rd4 39. Rc4 Rxc4
40. bxc4 Kf7 41. Kg3 Kf6 42. Kf4 h6 43. Ke4 Ke6 44. Kd4 Kd6 45. g3 h5 46. g4
hxg4 47. Ke4 Kc5 48. Kf4 g3 49. Kxg3 Kxc4 50. Kg4 a6 51. Kg5 b5 52. axb5 axb5
53. Kxg6 b4 54. h5 b3 55. h6 b2 56. h7 b1=Q+ 57. Kg7 Qg1+ 58. Kf7 Qd4 59. Kg8
Qg4+ 60. Kf7 Qf5+ 61. Kg7 Qg5+ 62. Kf7 1/2-1/2

[Event "Malakoff op 10th"]
[Site "Malakoff"]
[Date "2010.04.19"]
[Round "4"]
[White "Toulzac, Pierre Yves"]
[Black "Shirazi, Kamran "]
[Result "0-1"]
[WhiteElo "2231"]
[BlackElo "2457"]
[PlyCount "62"]
[EventDate "2010.04.18"]
[EventType "swiss"]
[EventCountry "FRA"]

1. d4 Nf6 2. c4 d6 3. Nc3 Bf5 4. f3 e5 5. dxe5 dxe5 6. Qxd8+ Kxd8 7. e4 Be6 8.
Be3 c6 9. O-O-O+ Nbd7 10. g4 Kc8 11. Kc2 Bc5 12. Bc1 Nb6 13. b3 a5 14. g5 Nfd7
15. Bh3 a4 16. Bf5 Nf8 17. Nge2 g6 18. Bg4 Bxg4 19. fxg4 axb3+ 20. axb3 Ne6 21.
Rhf1 Rf8 22. Rd3 Nd4+ 23. Nxd4 exd4 24. Nb1 Nd7 25. Rh3 Ra2+ 26. Bb2 Bb4 27.
Rd1 c5 28. Nd2 Bc3 29. Rb1 Ne5 30. Kc1 Bxd2+ 31. Kxd2 f6 0-1

[Event "Malakoff op 10th"]
[Site "Malakoff"]
[Date "2010.04.18"]
[Round "3"]
[White "Zubarev, Alexander2"]
[Black "Guilleux, Fabien"]
[Result "1-0"]
[WhiteElo "2536"]
[BlackElo "2358"]
[PlyCount "53"]
[EventDate "2010.04.18"]
[EventType "swiss"]
[EventCountry "FRA"]

1. d4 Nf6 2. Nf3 g6 3. c4 Bg7 4. Nc3 O-O 5. e4 d6 6. h3 e5 7. d5 Nh5 8. g3 Qe8
9. Be2 f5 10. exf5 gxf5 11. Nh4 Nf6 12. g4 f4 13. g5 Nfd7 14. Ne4 Na6 15. Bg4
Ndc5 16. f3 Qe7 17. Rg1 Kh8 18. Bxc8 Raxc8 19. Rg4 c6 20. dxc6 d5 21. Qxd5 Rcd8
22. Ng6+ hxg6 23. Rh4+ Bh6 24. Rxh6+ Kg7 25. Nf6 Rxf6 26. gxf6+ Kxf6 27. Rh7
1-0

[Event "Malakoff op 10th"]
[Site "Malakoff"]
[Date "2010.04.19"]
[Round "4"]
[White "Guliyev, Namig"]
[Black "Calistri, Tristan"]
[Result "1-0"]
[WhiteElo "2516"]
[BlackElo "2400"]
[PlyCount "53"]
[EventDate "2010.04.18"]
[EventType "swiss"]
[EventCountry "FRA"]

1. e4 c5 2. Nf3 e6 3. d4 cxd4 4. Nxd4 a6 5. Bd3 Bc5 6. Nb3 Be7 7. O-O d6 8. a4
b6 9. Na3 Nf6 10. a5 b5 11. c4 b4 12. Nc2 Bb7 13. Qe1 Nc6 14. Nxb4 Ne5 15. f3
Qc7 16. Be2 Nxc4 17. Qc3 d5 18. exd5 exd5 19. Nd4 Bd6 20. Bg5 Bxh2+ 21. Kh1 Nh5
22. f4 h6 23. Bh4 Nxf4 24. Bxc4 dxc4 25. Rae1+ Kf8 26. Kxh2 Ne2+ 27. Bg3 1-0

[Event "Malakoff op 10th"]
[Site "Malakoff"]
[Date "2010.04.20"]
[Round "5"]
[White "David, Alberto"]
[Black "Guliyev, Namig"]
[Result "1/2-1/2"]
[WhiteElo "2616"]
[BlackElo "2516"]
[PlyCount "55"]
[EventDate "2010.04.18"]
[EventType "swiss"]
[EventCountry "FRA"]

1. d4 d5 2. Nf3 Nf6 3. c4 dxc4 4. e3 e6 5. Bxc4 a6 6. O-O c5 7. Bb3 Nc6 8. Nc3
Be7 9. dxc5 Qxd1 10. Rxd1 Bxc5 11. Bd2 Bd7 12. Rac1 Ba7 13. Be1 Ke7 14. Na4
Rhd8 15. Nc5 Bxc5 16. Rxc5 Be8 17. Rdc1 Ne4 18. R5c4 Nd6 19. Rg4 g6 20. Rh4 h5
21. Nd4 e5 22. Nxc6+ Bxc6 23. Bc3 f6 24. Ba5 Rh8 25. h3 Rac8 26. Bb4 b5 27. Rd1
Rcd8 28. g4 1/2-1/2

[Event "Malakoff op 10th"]
[Site "Malakoff"]
[Date "2010.04.20"]
[Round "5"]
[White "Zubarev, Alexander2"]
[Black "Cornette, Matthieu"]
[Result "1/2-1/2"]
[WhiteElo "2536"]
[BlackElo "2552"]
[PlyCount "45"]
[EventDate "2010.04.18"]
[EventType "swiss"]
[EventCountry "FRA"]

1. d4 Nf6 2. Nf3 g6 3. c4 Bg7 4. g3 O-O 5. Bg2 c6 6. Nc3 d5 7. cxd5 cxd5 8. Ne5
e6 9. O-O Nfd7 10. f4 f6 11. Nd3 Nc6 12. Be3 Qe7 13. Bf2 Rd8 14. Qb3 Kh8 15. a4
b6 16. Rfc1 Na5 17. Qa2 Ba6 18. Nb5 Rac8 19. Be1 Nc6 20. e3 Ndb8 21. Bh3 Bf8
22. b4 Qd7 23. Bf1 1/2-1/2

[Event "Malakoff op 10th"]
[Site "Malakoff"]
[Date "2010.04.20"]
[Round "5"]
[White "Pilte, Nicolas"]
[Black "Abbasov, Farid"]
[Result "0-1"]
[WhiteElo "2074"]
[BlackElo "2549"]
[PlyCount "114"]
[EventDate "2010.04.18"]
[EventType "swiss"]
[EventCountry "FRA"]

1. e4 c5 2. c3 d5 3. exd5 Qxd5 4. d4 g6 5. Nf3 Bg7 6. Be2 cxd4 7. cxd4 Nh6 8.
Nc3 Qd8 9. O-O O-O 10. Qb3 Nf5 11. Rd1 Nc6 12. d5 Ncd4 13. Nxd4 Nxd4 14. Qc4 e5
15. Be3 Nc2 16. Rac1 Nxe3 17. fxe3 Qb6 18. Nb5 Bd7 19. Nc7 Rac8 20. d6 Qxe3+
21. Kh1 e4 22. Re1 Qf4 23. Rcd1 Be5 24. g3 Qh6 25. Kg1 Qe3+ 26. Kh1 Qb6 27.
Qxe4 Rxc7 28. dxc7 Bc6 29. Rd5 Bxc7 30. Bf3 Qxb2 31. Qe2 Qxe2 32. Rxe2 Bxd5 33.
Bxd5 b5 34. Re7 Bb6 35. Rb7 h5 36. h4 b4 37. Kg2 Kg7 38. Bb3 Kf6 39. Kf3 Bc5
40. Rc7 Bd4 41. Rc4 Bc3 42. Rc7 Bd4 43. Rc4 Bb6 44. Rxb4 Kg7 45. Re4 Bc5 46.
Re5 Rc8 47. Rd5 Rc7 48. Ba4 Bb6 49. Rd7 Rc3+ 50. Kg2 Bc7 51. Bb3 Rxg3+ 52. Kf2
Rc3 53. Rxf7+ Kh6 54. Rf3 Rc6 55. Rd3 Rf6+ 56. Kg2 Rf4 57. Kh3 Rf2 0-1